Analýza aktivit elektronického džihádu v prostoru sociálních médií

Chronopilitika a jej manifestácia v prostredí virtuálnych sociálnych sietí. Konštitutívne modality - rýchlosť a simulácia. Interpretácia perzonifikovanej kolektívnej identity. Vývoj hnutia Harakat al-Šabáb al-Mudžáhidín (HŠM). HŠM v priestore sociálnych médií. Útočná revizionostická stratégia hnutia...

Full description

Saved in:
Bibliographic Details
Main Author: Střítecký, Vít
Other Authors: Špelda, Petr
Format: Book Chapter
Language:Czech
Subjects:
Tags: Add Tag
No Tags, Be the first to tag this record!

MARC

LEADER 00000naa a2200000 4500
001 0240780
005 20180917085449.6
041 0 |a cze 
044 |a CZ 
245 1 0 |a Analýza aktivit elektronického džihádu v prostoru sociálních médií  |c Vít Střítecký, Petr Špelda 
520 |a Chronopilitika a jej manifestácia v prostredí virtuálnych sociálnych sietí. Konštitutívne modality - rýchlosť a simulácia. Interpretácia perzonifikovanej kolektívnej identity. Vývoj hnutia Harakat al-Šabáb al-Mudžáhidín (HŠM). HŠM v priestore sociálnych médií. Útočná revizionostická stratégia hnutia. Rozpoltenosť ideologických protivníkov. Neschopnosť ideologických protivníkov. 
610 2 0 |a náboženstvo 
610 2 0 |a islam 
610 2 0 |a konflikty náboženské 
610 2 0 |a terorizmus 
610 2 0 |a ideológia 
610 2 0 |a siete sociálne 
610 2 0 |a Somálsko 
100 1 |a Střítecký, Vít 
700 1 |a Špelda, Petr